| 000 | 00379nam a2200157Ia 4500 | ||
|---|---|---|---|
| 008 | 221030s9999 xx 000 0 und d | ||
| 020 | _a8120309537 | ||
| 041 | _aEnglish | ||
| 082 |
_a105.23 _bMur |
||
| 100 | _aD. V. S. Murthy | ||
| 245 | 0 |
_aTransducers & Instrumentation _cby D. V. S. Murthy |
|
| 260 |
_bPHI _aNew Delhi _c2000 |
||
| 300 | _a557 | ||
| 650 | _aECE | ||
| 942 | _cBK | ||
| 999 |
_c6578 _d6578 |
||